| 000 | 00836nas a2200277 4500 | ||
|---|---|---|---|
| 001 | BR8902835 | ||
| 003 | BR-BrBNA | ||
| 005 | 20231205091607.0 | ||
| 007 | ta | ||
| 008 | 230509b bl.|||p| |||| 00| 00por d | ||
| 040 |
_aBR-BrBNA _bpor _cBiblioteca Nacional de Agricultura |
||
| 041 | _a(Pt) | ||
| 072 | _aL02; Q54 | ||
| 100 | 1 | _aPenz Junior, A.M.E. | |
| 100 | 1 | _aJacob, D.V. | |
| 245 | 1 | _aExigencias em proteinas e aminoacidos em racao para coelhos | |
| 650 | _aCOELHO | ||
| 650 | _aRACAO | ||
| 650 | _aPROTEINA | ||
| 650 | _aNUTRIENTE | ||
| 650 | _aAMINOACIDO | ||
| 650 | _aEXIGENCIA NUTRICIONAL | ||
| 773 | 0 |
_tInforme Agropecuario - Empresa de Pesquisa Agropecuaria de Minas Gerais (Brazil) _xISSN 0100-3364 _g(1989), v. 14(159) p. 24-30 _wBR8902835 |
|
| 909 |
_a202311 _bLúcia _c55 _dLúcia Elande |
||
| 942 |
_2AGRIS _n0 _cANA |
||
| 999 |
_c126057 _d126057 |
||